000 00704nam a2200229Ii 4500
003 JO-AjNU
008 230606s9999||||xx |||||||||||||| ||und||
020 _a978-1-138-21823 -9(hbk)/978-1-138-21824-6(pbk)/978-1-315-14825-0(Ebk)
040 _aJO-AjNU
_beng
_erda
_cJO-AjNU
041 _aeng
050 1 4 _aP325.B47 2018
100 3 _aBriner,Betty J,
_eauthor
_95967
245 0 0 _aLanguage and Meaning
250 _a1 ed
264 3 1 _aNew York: Routledge, 2018
300 _a154p
_bIncludes bibliographical
336 _atext
_btxt
_2rdacontent
337 _aunmediated
_bn
_2rdamedia
338 _avolume
_bnc
_2rdacarrier
490 0 _aRoutledge guides to linguistics
650 4 _aSemantics
_95968
999 _aE3095
_c3092
_d3092